1 jeu de mots = 1 Fruit - Statistiques

Statistiques générales
  • Ce quiz a été pris 499 fois
  • Le résultat moyen est 3 sur 13
Statistiques - réponses
Jeu de mot Fruit % Correct
S'écrit "Orange" en anglais Orange
100%
Il faut vraiment avoir la pêche, pour réussir ce quiz ! Pêche
95%
Il ne faut pas trop le prendre au risque de devenir prétencieux Melon
32%
On a coupé 6 arbres et ... Citron
30%
On déteste Tom Tomate
28%
Amende peu savoureuse Prune
23%
De l'oseille faisant de la randonnée Groseille
16%
Un fruit barbu se baladant dans la rue Rhubarbe
9%
Lorsqu'elle chante elle devient croate Banane
6%
Chat malade Chataigne
3%
Fruit très prisé par les élèves dissidents Coing
3%
Fruit que Donald Trump adore ! Mure
3%
Très bon conducteur, Il ne passe jamais au rouge Kaki
1%
Aucun quiz correspondant
Distribution des résultats
% des personnes avec chaque résultat
Percentile par nombre de réponses
Votre historique - résultats
Vous n’avez pas pris ce quiz